Connect the Countries! #1 - Statistics

General Stats
  • This quiz has been taken 187 times
  • The average score is 11 of 12
Answer Stats
1st Hint Country 2nd Hint % Correct
France Andorra la Vella
96%
India Kathmandu
94%
Panama Colombia Lima
93%
Port Moresby Indonesia Malaysia
93%
Montevideo Argentina Chile
92%
Mexico United States
92%
Germany
90%
Russia Estonia
89%
Zambia Zimbabwe
88%
Serbia Budapest
87%
Warsaw Ukraine Bucharest
84%
Mauritania Senegal Banjul
77%
No matching quizzes found
Score Distribution
Percent of People with Each Score
Percentile by Number Answered
Your Score History
You have not taken this quiz